| 000 | 00670nam a2200205 a 4500 | ||
|---|---|---|---|
| 005 | 20250116063812.0 | ||
| 008 | 020705s2001 es r 000 0 spa d | ||
| 020 | _a8483164213 | ||
| 035 | _aUPN01000118002 | ||
| 049 | _aCG | ||
| 050 | 4 |
_aLC213.3 E5 _bG3.3 |
|
| 100 | 1 | _aGarcía Roca, Joaquín | |
| 245 | 1 | 0 |
_aEscuela solidaria : _bespacio popular / _cJoaquín García Roca. |
| 260 |
_aMadrid : _bCCS : _bICCE, _cc2001. |
||
| 300 | _a75 p. | ||
| 440 | 0 |
_aCuadernos de educación para la acción social ; _v7. _pIdentidad |
|
| 650 | 4 |
_aIGUALDAD DE OPORTUNIDADES EN EDUCACION - _zESPAÑA _913862 |
|
| 650 | 4 |
_aEducación _xAspectos sociales _zEspaña _97387 |
|
| 905 | _aLibro | ||
| 999 |
_c90397 _d90397 |
||